Musique de l'abum DESTIN de Ninho - Statistiques

Statistiques générales
  • Ce quiz a été pris 716 fois
  • Le résultat moyen est 10 sur 18
Statistiques - réponses
Hint Titre Temps % Correct
2 La vie qu'on mène 3:14
86%
3 Goutte d'eau 2:37
81%
10 Maman ne le sait pas 3:23
74%
18 Outro 2:14
63%
17 Money 3:12
61%
14 Putana 3:05
60%
15 A Kinshasa 2:58
56%
7 La vivance 3:02
54%
12 Jamais 3:49
52%
1 Sans Peine 2:37
51%
6 Tokarev 3:49
51%
5 Jeune Lossa 3:38
50%
13 Jusqu'à minuit 4:21
50%
4 Paris c'est magique 3:08
47%
8 Big Pac 3:04
44%
11 L'ancien 3:03
44%
9 NI 2:40
44%
16 Zéro Peluche 3:00
5%
Aucun quiz correspondant
Distribution des résultats
% des personnes avec chaque résultat
Percentile par nombre de réponses
Votre historique - résultats
Vous n’avez pas pris ce quiz